Panaszkezelés a Hotel Silvanusban

Bibliográfiai részletek
Szerző: Vörös Boglárka
További közreműködők: Fekete-Frojimovics Dr. Zsófia
Dokumentumtípus: Projektmunka
Kulcsszavak:Panaszkezelés
szálloda
vendég
Online Access:http://dolgozattar.uni-bge.hu/15923

MARC

LEADER 00000nnm a2200000 i 4500
001 dolg15923
005 20180925111021.0
008 180514suuuu hu o 000 hun d
040 |a BGE Dolgozattár Repozitórium  |b hun 
041 |a hu 
100 1 |a Vörös Boglárka 
245 1 0 |a Panaszkezelés a Hotel Silvanusban  |c Vörös Boglárka  |h [elektronikus dokumentum] 
516 |a Project_work 
695 |a Panaszkezelés 
695 |a szálloda 
695 |a vendég 
700 1 |a Fekete-Frojimovics Dr. Zsófia  |e ths 
856 4 0 |u http://dolgozattar.uni-bge.hu/15923/1/panaszkezel%C3%A9s%20pdf.pdf  |z Dokumentum-elérés